İstanbul hükümetleri ve Milli mücadele: (Record no. 14686)

MARC details
000 -BAŞLIK
Sabit Uzunlukta Kontrol Alanı 00800nam a22002537a 4500
999 ## - SİSTEM KONTROL NUMARALARI (KOHA)
Koha Biblionumber 14686
Koha Biblioitemnumber 14686
003 - KONTROL NUMARASI IDENTIFIER
Denetim Alanı MIRAKIL
005 - SON İŞLEM TARİHİ VE ZAMANI
Denetim Alanı 20211215135930.0
008 - SABİT-BOY VERİ ELEMANLARI - GENEL BİLGİLER
Sabit Uzunlukta Kontrol Alanı 211215b tu ||||| |||| 00| 0 tur d
040 ## - KATALOGLAMA KAYNAK
Orijinal Kataloglama Ajansı TR-AnCHP
Kataloglama Dili tur
Metne Dönüştürmek Ajansı TR-AnCHP
041 ## - DİL KODU
Metin / Ses Parça Veya Ayrı Başlığın Dil Kodu tur
082 ## - DEWEY ONLU SINIFLANDIRMA NUMARASI
Sınıflandırma Numarası 956.1023
Ürün Numarası A47i 1992
100 ## - ANA GİRİŞ - KİŞİSEL İSİM
Kişisel Ad Akşin, Sina
245 ## - BAŞLIK TABLOSU
Başlık İstanbul hükümetleri ve Milli mücadele:
Başlığın Kalan Son meşrutiyet (1919-1920)/
Sorumluluk Tablosu, Vb Sina Akşin.
246 ## - UNVAN FORM VARYING
Başlık Doğru / Kısa Başlığı Son meşrutiyet (1919-1920)
260 ## - YAYIN, DAĞITIM, VB
Yayın, Dağıtım, Vb Yeri İstanbul
Yayıncı, Dağıtıcı, Vs Adı Cem Yayınevi,
Yayın, Dağıtım, Vb Tarihi 1992.
300 ## - FİZİKSEL TANIM
Kapsam 558 s.:
Boyutlar 19 sm.
490 ## - SERİSİ TABLOSU
Seri Beyanı Cem Yayınevi;
-- Kültür Dizisi
504 ## - KAYNAKÇA VB NOT
Kaynakça Vb Notu Kaynakça ve dizin vardır.
650 ## - KONU KATMA GİRİŞ - TOPİKAL DÖNEM
Topikal Süreli Veya Coğrafi Ad Giriş Elemanı Siyasi partiler
Genel Alt Bölümü Türkiye
-- Tarih
650 ## - KONU KATMA GİRİŞ - TOPİKAL DÖNEM
Topikal Süreli Veya Coğrafi Ad Giriş Elemanı Milli mücadele
Genel Alt Bölümü Hükümetler
Coğrafi Alt Bölümü İstanbul
740 ## - KATMA GİRİŞ - KONTROLSUZ İLGİLİ / ANALİTİK BAŞLIK
Kontrol Edilmeyen / İlgili Analitik Başlıktaki Son meşrutiyet (1919-1920)
942 ## - EKLENDİ GİRİŞ ELEMANLARI (KOHA)
Sınıflandırma Veya Raf Düzeni Kaynak Dewey Decimal Classification
Koha Öğesi Türü Books
999 ## - SİSTEM KONTROL NUMARALARI (KOHA)
Koha Biblioitemnumber 14686
Holdings
Kalıcı Konum Mevcut Konum Edinme Tarihi Toplam Check-Out'Lar Tam Çağrı Numarası Barkod Tarih Son Görülme Kopya Sayısı İtibaren Geçerli Fiyatlar Koha Öğesi Türü
Parti Okulu Kütüphanesi Parti Okulu Kütüphanesi 12/15/2021   956.1023 A47i 1992 P00939 12/15/2021 c.2 12/15/2021 Books